<?xml version="1.0" encoding="UTF-8"?>
<record
    xmlns:xsi="http://www.w3.org/2001/XMLSchema-instance"
    xsi:schemaLocation="http://www.loc.gov/MARC21/slim http://www.loc.gov/standards/marcxml/schema/MARC21slim.xsd"
    xmlns="http://www.loc.gov/MARC21/slim">

  <leader>03618cam a2200421   4500500</leader>
  <controlfield tag="005">20260322002712.0</controlfield>
  <datafield tag="041" ind1=" " ind2=" ">
    <subfield code="a">fre</subfield>
  </datafield>
  <datafield tag="042" ind1=" " ind2=" ">
    <subfield code="a">dc</subfield>
  </datafield>
  <datafield tag="100" ind1="1" ind2="0">
    <subfield code="a">Ohanessian, David</subfield>
    <subfield code="e">author</subfield>
  </datafield>
  <datafield tag="700" ind1="1" ind2="0">
    <subfield code="a">Roubaud, Blandine</subfield>
    <subfield code="e">author</subfield>
  </datafield>
  <datafield tag="245" ind1="0" ind2="0">
    <subfield code="a">Comprendre les processus du d&#xE9;veloppement de l&#x2019;enfant pour mieux l&#x2019;accompagner</subfield>
  </datafield>
  <datafield tag="260" ind1=" " ind2=" ">
    <subfield code="c">2026.
							</subfield>
  </datafield>
  <datafield tag="500" ind1=" " ind2=" ">
    <subfield code="a">66</subfield>
  </datafield>
  <datafield tag="520" ind1=" " ind2=" ">
    <subfield code="a">Cet article explore le r&#xF4;le central du d&#xE9;veloppement sensori-moteur dans la petite enfance, en montrant comment les exp&#xE9;riences sensorielles et motrices fa&#xE7;onnent la croissance neuronale, &#xE9;motionnelle et cognitive. S&#x2019;appuyant sur des observations cliniques et &#xE9;ducatives, les auteurs soulignent l&#x2019;impact profond des stimuli rythmiques et vibratoires &#x2212; tels que la musique et les sons structur&#xE9;s &#x2212; sur la synchronisation c&#xE9;r&#xE9;brale, la r&#xE9;gulation &#xE9;motionnelle et la coordination motrice. &#xC0; travers des &#xE9;tudes de cas incluant des nourrissons et de jeunes enfants, notamment ceux pr&#xE9;sentant des fragilit&#xE9;s d&#xE9;veloppementales, l&#x2019;article illustre comment des interventions sensori-motrices adapt&#xE9;es peuvent soutenir la posture, l&#x2019;attention et l&#x2019;int&#xE9;gration sociale. L&#x2019;approche interdisciplinaire, &#xE0; la crois&#xE9;e de la th&#xE9;rapie, de l&#x2019;&#xE9;ducation et des neurosciences, met en lumi&#xE8;re l&#x2019;importance d&#x2019;une perspective holistique et corporelle pour favoriser la r&#xE9;silience d&#xE9;veloppementale. Enfin, l&#x2019;article plaide pour des environnements sensori-&#xE9;motionnellement ajust&#xE9;s aux besoins de l&#x2019;enfant, afin de promouvoir son bien-&#xEA;tre et ses apprentissages d&#xE8;s le plus jeune &#xE2;ge.</subfield>
  </datafield>
  <datafield tag="520" ind1=" " ind2=" ">
    <subfield code="a">This article explores the pivotal role of sensorimotor development in early childhood, emphasizing how sensory and motor experiences shape neural, emotional, and cognitive growth. Drawing on clinical and educational observations, the authors highlight the profound impact of rhythmic and vibrational stimuli&#x2014;such as music and structured sound&#x2014;on brain synchronization, emotional regulation, and motor coordination. Through case studies involving infants and young children, including those with developmental vulnerabilities, the article illustrates how tailored sensorimotor interventions can support posture, attention, and social integration. The interdisciplinary approach, bridging therapy, education, and neuroscience, underscores the importance of a holistic, body-centered perspective in fostering developmental resilience. Ultimately, the article advocates for environments that are sensorily and emotionally attuned to the child&#x2019;s needs, promoting well-being and learning from infancy onward.</subfield>
  </datafield>
  <datafield tag="690" ind1=" " ind2=" ">
    <subfield code="a">accompagnement d&#xE9;veloppemental</subfield>
  </datafield>
  <datafield tag="690" ind1=" " ind2=" ">
    <subfield code="a">approche interdisciplinaire</subfield>
  </datafield>
  <datafield tag="690" ind1=" " ind2=" ">
    <subfield code="a">coordination motrice</subfield>
  </datafield>
  <datafield tag="690" ind1=" " ind2=" ">
    <subfield code="a">d&#xE9;veloppement sensori-moteur</subfield>
  </datafield>
  <datafield tag="690" ind1=" " ind2=" ">
    <subfield code="a">neuroplasticit&#xE9;</subfield>
  </datafield>
  <datafield tag="690" ind1=" " ind2=" ">
    <subfield code="a">petite enfance</subfield>
  </datafield>
  <datafield tag="690" ind1=" " ind2=" ">
    <subfield code="a">r&#xE9;gulation &#xE9;motionnelle</subfield>
  </datafield>
  <datafield tag="690" ind1=" " ind2=" ">
    <subfield code="a">stimulation rythmique</subfield>
  </datafield>
  <datafield tag="690" ind1=" " ind2=" ">
    <subfield code="a">synchronisation neuronale</subfield>
  </datafield>
  <datafield tag="690" ind1=" " ind2=" ">
    <subfield code="a">th&#xE9;rapie vibratoire</subfield>
  </datafield>
  <datafield tag="690" ind1=" " ind2=" ">
    <subfield code="a">developmental support</subfield>
  </datafield>
  <datafield tag="690" ind1=" " ind2=" ">
    <subfield code="a">early childhood</subfield>
  </datafield>
  <datafield tag="690" ind1=" " ind2=" ">
    <subfield code="a">emotional regulation</subfield>
  </datafield>
  <datafield tag="690" ind1=" " ind2=" ">
    <subfield code="a">interdisciplinary approach</subfield>
  </datafield>
  <datafield tag="690" ind1=" " ind2=" ">
    <subfield code="a">motor coordination</subfield>
  </datafield>
  <datafield tag="690" ind1=" " ind2=" ">
    <subfield code="a">neural synchronization</subfield>
  </datafield>
  <datafield tag="690" ind1=" " ind2=" ">
    <subfield code="a">neuroplasticity</subfield>
  </datafield>
  <datafield tag="690" ind1=" " ind2=" ">
    <subfield code="a">rhythmic stimulation</subfield>
  </datafield>
  <datafield tag="690" ind1=" " ind2=" ">
    <subfield code="a">sensorimotor development</subfield>
  </datafield>
  <datafield tag="690" ind1=" " ind2=" ">
    <subfield code="a">vibrational therapy</subfield>
  </datafield>
  <datafield tag="786" ind1="0" ind2=" ">
    <subfield code="n">Les Dossiers de l'obst&#xE9;trique - Sage-femme | 556 | 1 | 2026-02-17 | p. 35-41 | 0767-8193</subfield>
  </datafield>
  <datafield tag="856" ind1="4" ind2="1">
    <subfield code="u">https://stm.cairn.info/revue-les-dossiers-de-lobstetrique-sage-femme-2026-1-page-35?lang=fr&amp;redirect-ssocas=7080</subfield>
  </datafield>
  <datafield tag="999" ind1=" " ind2=" ">
    <subfield code="c">1725818</subfield>
    <subfield code="d">1725818</subfield>
  </datafield>
</record>
